Sports Quiz

Random Sports or Hockey Quiz

Toronto Maple Leafs - Hall of Famers Quiz Stats

 Plays Quiz not verified by Sporcle

Score 0/56 Timer 08:00
0 Plays Today
Year of Induction Player % Correct
2012Mats Sundin
93.9%
2011Doug Gilmour
90.9%
1989Darryl Sittler
87.9%
1996Borje Salming
84.8%
1967Walter (Turk) Broda
78.8%
1981Frank Mahovlich
78.8%
1961Syl Apps
75.8%
1975George Armstrong
75.8%
1976Johnny Bower
75.8%
75.8%
1971Harvey (Busher) Jackson
72.7%
2008Glenn Anderson
69.7%
2011Ed Belfour
69.7%
1986David Michael Keon
69.7%
1961Charlie Conacher
63.6%
1977Tim Horton
63.6%
1971Terry Sawchuk
63.6%
1992Lanny McDonald
60.6%
2003Grant Fuhr
54.5%
1969Leonard (Red) Kelly
54.5%
1966Ted (Teeder) Kennedy
54.5%
1982Norm Ullman
54.5%
2007Ron Francis
51.5%
2009Brian Joseph Leetch
51.5%
1978Jacques Plante
48.5%
1958Francis (King) Clancy
45.5%
2001Mike Gartner
45.5%
2004Larry Murphy
42.4%
Year of Induction Player % Correct
1963Joe Primeau
42.4%
1991Bob Pulford
42.4%
1978Andy Bathgate
39.4%
1961Clarence (Happy) Day
39.4%
2006Dick Duff
39.4%
2015Phil Housley
36.4%
2011Joe Nieuwendyk
36.4%
1984Bernie Parent
36.4%
1981Allan Stanley
36.4%
1975Irvine (Ace) Bailey
33.3%
1966Max Bentley
33.3%
1975Gordon Arthur Drillon
33.3%
1974Dickie Moore
30.3%
1961George Hainsworth
27.3%
1966Walter (Babe) Pratt
27.3%
1994Harry Watson
27.3%
1970Cecil Henry (Babe) Dye
24.2%
1965Sydney Harris (Syd) Howe
24.2%
1980Harry Lumley
24.2%
1985Murray Bert Olmstead
21.2%
1975Pierre Pilote
21.2%
1978Marcel Pronovost
21.2%
1962David (Sweeney) Schriner
21.2%
1985Gerry Cheevers
15.2%
1965George Reginald (Red) Horner
15.2%
1986Leo Boivin
9.1%
1947Frank Nighbor
9.1%
1990Ferdinand (Fernie) Flaman
6.1%

You're not logged in!

Compare scores with friends on all Sporcle quizzes.
OR
Log In

Sporcle TV

Today on Sporcle TV


Watch our educational content, quiz creation guides, and fun videos on Sporcle TV.

Show Comments

Extras

Top Quizzes Today


Score Distribution

Your Account Isn't Verified!

In order to create a playlist on Sporcle, you need to verify the email address you used during registration. Go to your Sporcle Settings to finish the process.

Report this User

Report this user for behavior that violates our Community Guidelines.

Details: